Composition du gouvernement Borne - Statistiques

Statistiques générales
  • Ce quiz a été pris 16 fois
  • Le résultat moyen est 28 sur 41
Statistiques - réponses
Fonction Ministre ou secrétaire d'Etat % Correct
Ministre de l'Economie, des Finances et de la Souveraineté Industrielle et Numérique Bruno Le Maire
100%
Première Ministre Elisabeth Borne
100%
Ministre de la Santé et de la Prévention Aurélien Rousseau
92%
Ministre de l’Éducation nationale et de la Jeunesse Gabriel Attal
92%
Ministre de l'Intérieur et des Outre-Mer Gérald Darmanin
92%
Ministre délégué, chargé du Renouveau démocratique, porte-parole du Gouvernement Olivier Véran
92%
Ministre des Sports et des Jeux Olympiques et Paralympiques Amélie Oudéa-Castéra
85%
Ministre délégué, chargé des Transports Clément Beaune
85%
Garde des Sceaux, ministre de la Justice Eric Dupond-Moretti
85%
Ministre de l'Agriculture et de la Souveraineté alimentaire Marc Fesneau
85%
Ministre du travail, du plein emploi et de l'insertion Olivier Dussopt
85%
Ministre de la Transition énergétique Agnès Pannier-Runacher
77%
Ministre des Solidarités et des Familles Aurore Bergé
77%
Ministre de l'Europe et des Affaires étrangères Catherine Colonna
77%
Ministre de la Transition écologique et de la Cohésion des territoires Christophe Béchu
77%
Ministre délégué, chargé des Relations avec le Parlement Franck Riester
77%
Ministre délégué, chargée des Petites et Moyennes Entreprises, du Commerce, de l’Artisanat et du Tourisme Olivia Grégoire
77%
Ministre de la Transformation et de la Fonction publiques Stanislas Guérini
77%
Ministre déléguée, chargée des Collectivités territoriales et de la Ruralité Dominique Faure
69%
Ministre de la Culture Rima Abdul-Malak
69%
Ministre délégué, chargé de l'Industrie Roland Lescure
69%
Ministre de l'Enseignement supérieur et de la Recherche Sylvie Retailleau
69%
Ministre déléguée, chargée de l’Égalité entre les femmes et les hommes et de la Lutte contre les discriminations Bérangère Couillard
62%
Secrétaire d'Etat, chargé de la Mer Hervé Berville
62%
Ministre délégué, chargé du Numérique Jean-Noël Barrot
62%
Secrétaire d'Etat, chargée de la Jeunesse et du Service national universel Prisca Thevenot
62%
Secrétaire d'Etat, chargée de la Biodiversité Sarah El Haïry
62%
Ministre des Armées Sébastien Lecornu
62%
Ministre déléguée, chargée de l’Organisation territoriale et des Professions de santé. Agnès Firmin-Le Bodo
54%
Secrétaire d'Etat, chargée du Développement, de la Francophonie et des Partenariats internationaux Chrysoula Zacharopoulou
54%
Ministre déléguée, chargée des Personnes handicapées Fadila Khattabi
54%
Secrétaire d'Etat, chargée de l'Europe Laurence Boone
54%
Ministre délégué, chargé du Commerce extérieur, de l’Attractivité et des Français de l’étranger Olivier Becht
54%
Ministre délégué, chargé du Logement Patrice Vergriete
54%
Ministre délégué, chargé des Outre-Mer Philippe Vigier
54%
Secrétaire d'Etat, chargée de la Ville Sabrina Agresti-Roubache
54%
Ministre délégué, chargé des Comptes publics Thomas Cazenave
54%
Ministre déléguée, chargée de l’Enseignement et de la Formation professionnels Carole Grandjean
46%
Secrétaire d'Etat, chargée de l’Enfance Charlotte Caubel
46%
Secrétaire d'Etat, chargée des Anciens combattants et de la Mémoire Patrica Mirallès
38%
Secrétaire d'Etat, chargée de la Citoyenneté Sonia Backès
38%
Aucun quiz correspondant
Distribution des résultats
% des personnes avec chaque résultat
Percentile par nombre de réponses
Votre historique - résultats
Vous n’avez pas pris ce quiz